[Event "ICS rated blitz match"]
[Site "204.178.125.65"]
[Date "2000.02.15"]
[Round "?"]
[White "MrPeabody"]
[Black "Hossa"]
[Result "0-1"]
[WhiteElo "2482"]
[BlackElo "2386"]
[PlyCount "41"]

1. e4 e5 2. Nf3 Nc6 3. Bb5 Nf6 4. O-O Bc5 5. Nxe5 Nd4 6. Bc4 Qe7 7. Nxf7 d5 8.
Nxh8 Bg4 9. Bb5+ c6 10. f3 Nxf3+ 11. Kh1 Nxh2 12. Be2 Nxe4 13. Bxg4 Nxf1 14. g3
Nf2+ 15. Kg2 Nxd1 16. Bxd1 Qe1 17. d4 Bxd4 18. Bf4 Qxd1 19. Nd2 Qe2+ 20. Kh3
Qh2+ 21. Kg4 0-1

[Event "ICS rated blitz match"]
[Site "204.178.125.65"]
[Date "2000.02.15"]
[Round "?"]
[White "DiepX"]
[Black "Hossa"]
[Result "0-1"]
[WhiteElo "2601"]
[BlackElo "2406"]
[PlyCount "64"]

1. e4 e5 2. Nf3 Nc6 3. Bb5 Nf6 4. O-O Bc5 5. Nxe5 Nd4 6. Bc4 Qe7 7. Nxf7 d5 8.
Nxh8 Bg4 9. Bb5+ c6 10. f3 Nxf3+ 11. Kh1 Nxh2 12. Qe1 Nxf1 13. Bxf1 Nxe4 14. d4
Bd6 15. Kg1 Bg3 16. Qxg3 Nxg3 17. Bf4 Qb4 18. Bxg3 Qxb2 19. Be5 Qxa1 20. Nd2
Qe1 21. Nf3 Bxf3 22. gxf3 Ke7 23. c4 Rxh8 24. cxd5 cxd5 25. Bf4 Rc8 26. Kg2
Rc2+ 27. Kh3 Qxf1+ 28. Kg4 Rg2+ 29. Bg3 Qf2 30. f4 Qxg3+ 31. Kf5 Kd6 32. a4
Qh3# 0-1

[Event "ICS rated blitz match"]
[Site "204.178.125.65"]
[Date "2000.02.15"]
[Round "?"]
[White "Hossa"]
[Black "DiepX"]
[Result "0-1"]
[WhiteElo "2430"]
[BlackElo "2577"]
[PlyCount "128"]

1. e4 e5 2. Nf3 Nc6 3. Bb5 a6 4. Ba4 Nf6 5. O-O Be7 6. Re1 b5 7. Bb3 d6 8. c3
O-O 9. h3 Nb8 10. d4 Nbd7 11. Nbd2 Bb7 12. Bc2 Re8 13. Nf1 Bf8 14. Ng3 g6 15.
a4 c5 16. d5 c4 17. Bg5 h6 18. Be3 Nc5 19. Qd2 h5 20. Bxc5 dxc5 21. Qe3 Qd6 22.
axb5 axb5 23. Ne2 Nh7 24. Rf1 Bg7 25. Rfd1 Rec8 26. Ng5 Nxg5 27. Qxg5 Rd8 28.
f4 b4 29. fxe5 Bxe5 30. Ba4 Ra5 31. Ra2 Kh7 32. Qh4 Rda8 33. Rda1 f6 34. Qe1 f5
35. exf5 Qxd5 36. Qf1 Rf8 37. Qf3 Qxf3 38. fxg6+ Kh6 39. gxf3 Bxf3 40. Kf2 Bc6+
41. Ke3 Rfa8 42. Bxc6 Rxa2 43. Rb1 Ra1 44. Be4 Rxb1 45. Bxb1 Ra1 46. Bf5 Ra2
47. cxb4 cxb4 48. b3 cxb3 49. Ng1 b2 50. Nf3 Bc3 51. Ng1 Ra3 52. Bc2 Bg7+ 53.
Ke4 Rc3 54. Bb1 Rc1 55. Bd3 Rxg1 56. Kf5 b1=B 57. Bxb1 Rxb1 58. Ke4 Rh1 59. Kd5
b3 60. Ke6 b2 61. Ke7 Rd1 62. Ke8 b1=Q 63. Kf7 Qf5+ 64. Kg8 Qe6# 0-1

[Event "ICS rated blitz match"]
[Site "204.178.125.65"]
[Date "2000.02.15"]
[Round "?"]
[White "GCamara"]
[Black "Hossa"]
[Result "0-1"]
[WhiteElo "2082"]
[BlackElo "2420"]
[PlyCount "58"]

1. d4 d5 2. c4 e6 3. Nc3 Nf6 4. Bg5 Be7 5. Nf3 c6 6. e3 O-O 7. Qc2 Nbd7 8. Rd1
b6 9. a3 Qe8 10. Bd3 Ba6 11. cxd5 Bxd3 12. Qxd3 cxd5 13. O-O Ng4 14. Bf4 a5 15.
h3 Ngf6 16. Rc1 Rc8 17. Nb5 Ne4 18. Ne5 Nxe5 19. Bxe5 Qd7 20. Bc7 Bh4 21. g3
Bd8 22. Bxd8 Rfxd8 23. Kg2 g6 24. h4 Rc4 25. Rxc4 dxc4 26. Qxc4 Nd2 27. Qd3
Qc6+ 28. f3 Nxf1 29. Qxf1 Qc2+ 0-1

[Event "ICS rated bullet match"]
[Site "204.178.125.65"]
[Date "2000.02.15"]
[Round "?"]
[White "Hossa"]
[Black "stromberg"]
[Result "1-0"]
[WhiteElo "2470"]
[BlackElo "2253"]
[PlyCount "89"]

1. e4 e6 2. d4 d5 3. Nc3 Nf6 4. e5 Ne4 5. Nxe4 dxe4 6. Bc4 c5 7. d5 exd5 8.
Qxd5 Qc7 9. Qxe4 Nc6 10. Nf3 Be7 11. O-O b6 12. Bd5 Bb7 13. e6 O-O-O 14. exf7
Bd6 15. Qg4+ Kb8 16. Qxg7 Ne5 17. Bxb7 Kxb7 18. Ng5 Rhf8 19. Ne6 Rd7 20. Nxc7
Rxc7 21. Qh6 Rcxf7 22. Qxd6 Nc6 23. f4 Rd8 24. Qe6 Re7 25. Qc4 Red7 26. f5 Rd4
27. Qe2 R4d5 28. g4 Re5 29. Be3 Rde8 30. Rf3 Rd5 31. Re1 Rde5 32. Kg2 Nd4 33.
Qc4 Nxf3 34. Kxf3 Re4 35. Qxe4+ Rxe4 36. Kxe4 Kc6 37. Ke5 Kb5 38. Kd5 a5 39.
a4+ Ka6 40. Kc6 Ka7 41. b3 Kb8 42. c3 Kc8 43. c4 Kd8 44. Bg5+ Kc8 45. Re8# 1-0

[Event "ICS rated bullet match"]
[Site "204.178.125.65"]
[Date "2000.02.15"]
[Round "?"]
[White "stromberg"]
[Black "Hossa"]
[Result "0-1"]
[WhiteElo "2246"]
[BlackElo "2477"]
[PlyCount "66"]

1. e4 e5 2. Nc3 Nf6 3. f4 d5 4. fxe5 Nxe4 5. Qf3 Nxc3 6. dxc3 Be6 7. Bf4 g5 8.
Bg3 Bg7 9. Bd3 h5 10. Ne2 h4 11. Bf2 h3 12. g3 Nc6 13. O-O Nxe5 14. Qe3 Ng4 15.
Qd4 Bxd4 16. Bxd4 f6 17. Rae1 Ne5 18. Bf5 Bxf5 19. Rxf5 O-O 20. Ref1 Ng4 21.
Bc5 Re8 22. Nd4 Ne3 23. Rxf6 Nxf1 24. Rg6+ Kf7 25. Rh6 Ne3 26. Rh7+ Kg6 27.
Rxh3 Qd7 28. Rh7 Qxh7 29. Nf5 Nxf5 30. Bd4 Re1+ 31. Kf2 Qe7 32. Be5 Qxe5 33. g4
Qe2# 0-1

[Event "ICS rated blitz match"]
[Site "204.178.125.65"]
[Date "2000.02.15"]
[Round "?"]
[White "Hossa"]
[Black "Bannon"]
[Result "1-0"]
[WhiteElo "2424"]
[BlackElo "2177"]
[PlyCount "30"]

1. e4 c5 2. Nf3 Nc6 3. d4 cxd4 4. Nxd4 e5 5. Nb5 Bc5 6. N1c3 Nf6 7. Nd6+ Kf8 8.
Bc4 Na5 9. Nxf7 Qb6 10. Nxh8 Bxf2+ 11. Kf1 Nxc4 12. Nd5 Nxd5 13. Qxd5 Nd6 14.
Qxe5 Bd4 15. Qd5 g6 1-0

[Event "ICS rated blitz match"]
[Site "204.178.125.65"]
[Date "2000.02.15"]
[Round "?"]
[White "Bannon"]
[Black "Hossa"]
[Result "0-1"]
[WhiteElo "2168"]
[BlackElo "2430"]
[PlyCount "82"]

1. e4 e5 2. f4 exf4 3. Nf3 g5 4. h4 g4 5. Ne5 Nf6 6. d4 d6 7. Nd3 Nxe4 8. Bxf4
Qe7 9. Qe2 Nc6 10. c3 Bf5 11. g3 O-O-O 12. Nd2 Qe8 13. Nf2 Nxf2 14. Kxf2 Bg7
15. Bg2 Qxe2+ 16. Kxe2 Rde8+ 17. Kd1 Re7 18. Re1 Rxe1+ 19. Kxe1 Re8+ 20. Kd1
Bd3 21. Bf1 Bxf1 22. Nxf1 h5 23. Ne3 Ne7 24. Kd2 b5 25. Rf1 f6 26. Nd1 Nd5 27.
Ne3 Nxf4 28. gxf4 Bh6 29. Kd3 Kd7 30. Rf2 Rg8 31. Ke4 c6 32. Nf5 d5+ 33. Ke3
Bf8 34. Ng3 Rh8 35. Nf5 a5 36. Re2 Ke6 37. Ng3 Bd6 38. Rg2 Kf7 39. Nf5 Re8+ 40.
Kd3 Bxf4 41. Rf2 Re4 0-1

[Event "ICS rated blitz match"]
[Site "204.178.125.65"]
[Date "2000.02.15"]
[Round "?"]
[White "Hossa"]
[Black "Bannon"]
[Result "1-0"]
[WhiteElo "2436"]
[BlackElo "2162"]
[PlyCount "25"]

1. e4 c5 2. Nf3 Nc6 3. d4 cxd4 4. Nxd4 e5 5. Nb5 Bc5 6. N1c3 Nge7 7. Be3 Bxe3
8. Nd6+ Kf8 9. fxe3 Qb6 10. Qf3 f6 11. O-O-O Ng6 12. Nd5 Qd8 13. Bc4 1-0

[Event "ICS rated blitz match"]
[Site "204.178.125.65"]
[Date "2000.02.15"]
[Round "?"]
[White "Bannon"]
[Black "Hossa"]
[Result "0-1"]
[WhiteElo "2157"]
[BlackElo "2441"]
[PlyCount "80"]

1. e4 e5 2. f4 exf4 3. Nf3 g5 4. h4 g4 5. Ne5 Nf6 6. d4 d6 7. Nd3 Nxe4 8. Bxf4
Qe7 9. Qe2 Nc6 10. c3 Bf5 11. Nd2 O-O-O 12. O-O-O Re8 13. Nxe4 Qxe4 14. Qxe4
Bxe4 15. Nf2 f5 16. Nxe4 fxe4 17. h5 Be7 18. Bc4 Rhf8 19. g3 Bd8 20. Rde1 Rf5
21. h6 Bg5 22. Bxg5 Rxg5 23. Bf7 Re7 24. Rhf1 Nd8 25. Bb3 d5 26. Rf6 Rf7 27.
Ref1 Rxf6 28. Rxf6 c6 29. Bd1 Kd7 30. Rf8 Rg6 31. Rh8 Rxh6 32. Bxg4+ Ke7 33.
Bf5 Rh1+ 34. Kc2 Rh2+ 35. Kc1 h6 36. g4 Nf7 37. Rh7 Kf6 38. Bc8 e3 39. g5+ Nxg5
40. Rxb7 e2 0-1

[Event "ICS rated blitz match"]
[Site "204.178.125.65"]
[Date "2000.02.15"]
[Round "?"]
[White "Hossa"]
[Black "DiepX"]
[Result "0-1"]
[WhiteElo "2446"]
[BlackElo "2587"]
[PlyCount "158"]

1. e4 e5 2. Nf3 Nc6 3. Bb5 a6 4. Ba4 Nf6 5. O-O Be7 6. Re1 b5 7. Bb3 d6 8. c3
O-O 9. h3 Na5 10. Bc2 c5 11. d4 Qc7 12. Nbd2 Bd7 13. dxe5 dxe5 14. Re3 Rfd8 15.
b3 Bc6 16. Bb2 c4 17. Re2 Nh5 18. b4 Nb7 19. Re3 Nf4 20. Qf1 a5 21. a3 Rd7 22.
bxa5 Rad8 23. Bc1 Nxa5 24. a4 Bc5 25. axb5 Bxb5 26. Rb1 Bxe3 27. fxe3 Qc5 28.
Rxb5 Nxh3+ 29. gxh3 Qxb5 30. Kf2 f6 31. Kg2 Qc5 32. Qf2 Ra7 33. Kg1 Nb7 34. Ne1
Nd6 35. Ndf3 Qa5 36. Bd2 Nb5 37. Qf1 Rc7 38. Ng2 Nxc3 39. Qc1 Ne2+ 40. Kf2 c3
41. Kxe2 cxd2 42. Nxd2 Kh8 43. h4 Qb5+ 44. Kf3 Qd3 45. Bxd3 Rxc1 46. Ke2 Rg1
47. Ne1 Rxe1+ 48. Kxe1 Rxd3 49. Ke2 Rc3 50. Nf3 Kg8 51. Ne1 h5 52. Kd2 Rb3 53.
Nf3 Rb2+ 54. Ke1 Rg2 55. Kd1 Rg4 56. Kd2 Rxe4 57. Kd3 Rg4 58. Ke2 g6 59. Kd2
Kf7 60. Ke2 e4 61. Nd4 Rxh4 62. Kd2 Rh2+ 63. Kc3 h4 64. Nb5 h3 65. Nd6+ Ke7 66.
Nc8+ Ke6 67. Na7 Re2 68. Nb5 Ke5 69. Kb4 h2 70. Nd4 h1=Q 71. Nxe2 Qb1+ 72. Kc5
Qc2+ 73. Kb6 Qxe2 74. Kc5 Qc2+ 75. Kb5 Kd6 76. Kb4 Kd5 77. Ka3 Qb1 78. Ka4 Kc4
79. Ka5 Qb5# 0-1

[Event "ICS rated blitz match"]
[Site "204.178.125.65"]
[Date "2000.02.15"]
[Round "?"]
[White "DiepX"]
[Black "Hossa"]
[Result "1/2-1/2"]
[WhiteElo "2597"]
[BlackElo "2436"]
[PlyCount "74"]

1. e4 e5 2. Nf3 Nc6 3. Bb5 Nf6 4. O-O Bc5 5. c3 O-O 6. d4 Bb6 7. Bg5 a6 8. Bxc6
dxc6 9. Nxe5 Re8 10. Qf3 h6 11. Bxf6 Qxf6 12. Nd2 Qxf3 13. Nexf3 c5 14. d5 Bg4
15. h3 Bxf3 16. gxf3 Rad8 17. Nc4 Ba7 18. Rfd1 Kf8 19. b3 Ke7 20. a4 h5 21. Kg2
Kd7 22. e5 Kc8 23. f4 Bb8 24. f5 g6 25. fxg6 Rg8 26. f4 Rxg6+ 27. Kf2 h4 28.
Ne3 Rg3 29. Rh1 c4 30. bxc4 Ba7 31. Rae1 Kd7 32. Re2 Rdg8 33. a5 Bc5 34. Ree1
R8g7 35. Re2 Rg8 36. Ree1 R8g7 37. Re2 Rg8 1/2-1/2

[Event "ICS rated blitz match"]
[Site "204.178.125.65"]
[Date "2000.02.15"]
[Round "?"]
[White "QueenMaxima"]
[Black "Hossa"]
[Result "0-1"]
[WhiteElo "2336"]
[BlackElo "2443"]
[PlyCount "124"]

1. c4 e5 2. Qc2 Nf6 3. Nf3 Nc6 4. Nc3 Bc5 5. e3 d6 6. Na4 e4 7. Ng5 Nb4 8. Qb1
Bf5 9. f3 Bg6 10. Nxe4 Nxe4 11. fxe4 Qh4+ 12. Kd1 Bxe4 13. d3 Bxg2 14. Nxc5
Bxh1 15. Ne4 Bxe4 16. dxe4 Qxh2 17. a3 Qh1 18. Ke2 Nc6 19. Kf2 Ne5 20. Be2 h5
21. Bd2 Qh2+ 22. Ke1 Qg1+ 23. Bf1 g5 24. Qd1 Qg3+ 25. Ke2 Qh2+ 26. Ke1 Qh4+ 27.
Ke2 Qxe4 28. Bc3 Nxc4 29. Qd4 Qxd4 30. Bxd4 Ne5 31. Bg2 c6 32. Rc1 Rh6 33. e4
Ng6 34. b3 Nf4+ 35. Kf3 Nxg2 36. Kxg2 g4 37. Be3 Re6 38. Rh1 Rxe4 39. Rxh5 Kd7
40. Bf2 b6 41. Rh7 Rf8 42. Rg7 Ke6 43. Kg3 Kf5 44. b4 c5 45. bxc5 bxc5 46. Kh4
Rh8+ 47. Kg3 Rh3+ 48. Kg2 Re7 49. Bg3 Rh6 50. Kg1 c4 51. Rg8 Re3 52. Bf2 Rxa3
53. Rg7 f6 54. Rxa7 Rxa7 55. Bxa7 Ke4 56. Bf2 Kf3 57. Be1 Rh3 58. Bf2 g3 59.
Bxg3 Rxg3+ 60. Kh1 Kf2 61. Kh2 f5 62. Kh1 Rh3# 0-1

[Event "ICS rated blitz match"]
[Site "204.178.125.65"]
[Date "2000.02.15"]
[Round "?"]
[White "Hossa"]
[Black "DiepX"]
[Result "0-1"]
[WhiteElo "2454"]
[BlackElo "2590"]
[PlyCount "142"]

1. e4 e5 2. Nf3 Nc6 3. Bb5 a6 4. Ba4 Nf6 5. O-O Be7 6. Re1 b5 7. Bb3 d6 8. c3
O-O 9. h3 Na5 10. Bc2 c5 11. d4 Qc7 12. Nbd2 Bd7 13. dxe5 dxe5 14. Re3 Rfd8 15.
b3 Bc6 16. Bb2 c4 17. Re2 Nh5 18. b4 Nb7 19. Re3 Nf4 20. Qf1 Qd6 21. g3 Ne6 22.
Rd1 Qc7 23. a4 f6 24. axb5 axb5 25. Bb1 Be8 26. Re2 Bh5 27. Qg2 Qc6 28. Ree1
Rd7 29. Re3 Bd8 30. Re2 Bb6 31. Ree1 Nd6 32. Rf1 Nf7 33. Bc1 Nfg5 34. Nxg5 Nxg5
35. g4 Bg6 36. h4 Ne6 37. h5 Nf4 38. Qf3 Bf7 39. h6 Nd3 40. Qe2 Rad8 41. Bxd3
Rxd3 42. hxg7 Bg6 43. Bb2 Qd7 44. Bc1 Bh5 45. Kh2 Qxg4 46. Qxg4 Bxg4 47. f3 Bh5
48. Rde1 Rxc3 49. Nb1 Rcd3 50. Bh6 Bxf3 51. Rc1 R8d6 52. Nc3 f5 53. Bg5 Rg6 54.
Nd5 Rxg5 55. Rxf3 Rxf3 56. Nxb6 Rf2+ 57. Kh3 Kxg7 58. exf5 Rfxf5 59. Rc3 Rf6
60. Kh4 Rg1 61. Rg3+ Rxg3 62. Kxg3 Rxb6 63. Kf3 Rd6 64. Ke4 c3 65. Kxe5 Rg6 66.
Kd5 c2 67. Ke5 c1=Q 68. Ke4 Re6+ 69. Kf3 Qe3+ 70. Kg2 Rg6+ 71. Kh1 Qh6# 0-1

[Event "ICS rated blitz match"]
[Site "204.178.125.65"]
[Date "2000.02.15"]
[Round "?"]
[White "DiepX"]
[Black "Hossa"]
[Result "0-1"]
[WhiteElo "2600"]
[BlackElo "2444"]
[PlyCount "78"]

1. e4 e5 2. Nf3 Nc6 3. Bb5 Nf6 4. O-O Bc5 5. Nxe5 Nd4 6. Bc4 Qe7 7. Nxf7 d5 8.
Nxh8 Bg4 9. Bb5+ c6 10. f3 Nxf3+ 11. Kh1 Nxh2 12. Qe1 Nxf1 13. Bxf1 Nxe4 14. d4
Bd6 15. Kg1 Bg3 16. Qxg3 Nxg3 17. Bf4 Qb4 18. Bxg3 Qxb2 19. Bf2 Qxa1 20. Nd2
Qd1 21. Nf3 Bxf3 22. gxf3 Qxf3 23. c4 O-O-O 24. Bg2 Qd1+ 25. Kh2 Rxh8 26. cxd5
cxd5 27. a3 Kd7 28. Bg3 Qxd4 29. a4 Kc6 30. Bf1 Qxa4 31. Bg2 Rf8 32. Be1 Rf6
33. Bh3 Qf4+ 34. Bg3 Qd2+ 35. Bg2 Rg6 36. Kg1 Rxg3 37. Kf1 Qxg2+ 38. Ke1 Rh3
39. Kd1 Rh1# 0-1

[Event "ICS rated blitz match"]
[Site "204.178.125.65"]
[Date "2000.02.15"]
[Round "?"]
[White "Hossa"]
[Black "Diepeveen"]
[Result "1-0"]
[WhiteElo "2467"]
[BlackElo "2404"]
[PlyCount "121"]

1. e4 e6 2. d4 d5 3. Nc3 Bb4 4. e5 b6 5. Qg4 Bf8 6. Bg5 Qd7 7. h4 h6 8. Be3 h5
9. Qf3 g6 10. O-O-O Nh6 11. Qf6 Rg8 12. Qf3 Nf5 13. g3 Ba6 14. Bh3 c6 15. Nge2
Bxe2 16. Nxe2 Na6 17. Bxf5 exf5 18. Bg5 Nc7 19. Rhe1 Ne6 20. Bf6 Bh6+ 21. Kb1
b5 22. Qa3 a5 23. Qf3 Qb7 24. c3 Kd7 25. Qd3 Rgb8 26. Qc2 Qa6 27. f4 b4 28. Rc1
b3 29. axb3 Qb5 30. c4 Qxb3 31. cxd5 Qxc2+ 32. Rxc2 cxd5 33. Nc3 Nc7 34. Rec1
Ra7 35. Ka1 Bf8 36. Ka2 a4 37. Ra1 Rb4 38. Rd1 Rc4 39. Kb1 Bb4 40. Na2 Rxc2 41.
Kxc2 Na6 42. Ra1 Rc7+ 43. Kd3 a3 44. bxa3 Bxa3 45. Rb1 Rc6 46. Rb7+ Nc7 47. Rb8
Ra6 48. Nc3 Be7 49. Bxe7 Kxe7 50. Rc8 Kd7 51. Rf8 Ke7 52. Rb8 Ra1 53. Kd2 Rg1
54. Rb7 Kd8 55. Ne2 Ra1 56. Rb8+ Ke7 57. Rb6 Ra2+ 58. Kd3 Ra3+ 59. Nc3 Ra1 60.
Rc6 Ra7 61. Rxc7+ 1-0

[Event "ICS rated blitz match"]
[Site "204.178.125.65"]
[Date "2000.02.15"]
[Round "?"]
[White "Diepeveen"]
[Black "Hossa"]
[Result "1/2-1/2"]
[WhiteElo "2391"]
[BlackElo "2480"]
[PlyCount "232"]

1. e4 e5 2. Nf3 Nc6 3. Bc4 Nf6 4. Ng5 d5 5. exd5 Na5 6. Bb5+ c6 7. dxc6 bxc6 8.
Be2 h6 9. Nf3 e4 10. Ne5 Bd6 11. d4 exd3 12. Nxd3 Qc7 13. b3 O-O 14. Bb2 Re8
15. h3 Ne4 16. O-O Bb7 17. Nd2 c5 18. Nxe4 Bxe4 19. Bf3 c4 20. Bxe4 Rxe4 21.
Ne1 c3 22. Bc1 Rae8 23. Nf3 Rd8 24. Be3 Bh2+ 25. Nxh2 Rxd1 26. Raxd1 a6 27. Rd3
Nb7 28. Rfd1 Re7 29. Bd4 Qa5 30. a4 Rc7 31. Nf1 g6 32. Ne3 Rc6 33. Nc4 Qf5 34.
Ne3 Qa5 35. Nc4 Qf5 36. Bxc3 Kh7 37. Ne3 Qc8 38. Bb2 Qe6 39. c4 Nc5 40. Rd8 Rc8
41. Rxc8 Qxc8 42. b4 Nxa4 43. Bd4 Qc6 44. Rb1 Qe4 45. Rd1 Qc6 46. h4 f5 47. g3
Qf3 48. b5 axb5 49. cxb5 Qe4 50. b6 Qc6 51. Rb1 Qe4 52. Rb4 Nxb6 53. Rxb6 Qxd4
54. Rb7+ Kg8 55. h5 Qa1+ 56. Kh2 Qa8 57. Rb2 g5 58. Nxf5 Qf3 59. Ne3 Qxh5+ 60.
Kg2 Qe8 61. Rb6 Qe4+ 62. Kh2 Qf3 63. Kg1 Kh7 64. Rb5 g4 65. Rf5 Qe2 66. Rf4 h5
67. Kg2 Qd3 68. Rf5 Qe4+ 69. Kg1 Kg6 70. Rf8 Qd4 71. Rf4 Qd2 72. Rf8 Qc1+ 73.
Kg2 Qc6+ 74. Kg1 Qb6 75. Kg2 Qb7+ 76. Kg1 Qe7 77. Rf4 Qc5 78. Kg2 Qe5 79. Kg1
Qa1+ 80. Kg2 Qa8+ 81. Kg1 Qa5 82. Kg2 Qc3 83. Kg1 Qc1+ 84. Kg2 Qb2 85. Kg1 Qb1+
86. Kg2 Qd3 87. Kg1 Qc3 88. Kg2 Qd2 89. Kg1 Qb2 90. Kg2 Qa1 91. Rf8 Qe5 92. Rf4
Qd6 93. Kg1 Qd3 94. Kg2 Qb3 95. Kg1 Qb6 96. Kg2 Qb7+ 97. Kg1 Qa7 98. Kg2 Qa2
99. Kg1 Qe6 100. Kg2 Qe8 101. Kg1 Qe7 102. Kf1 Qd7 103. Kg1 Qd6 104. Kf1 Qc6
105. Kg1 Qa6 106. Kg2 Qe6 107. Kg1 Kh6 108. Kg2 Qa2 109. Rf6+ Kg7 110. Rf5 Kg6
111. Rf8 Qb3 112. Rf4 Qb5 113. Rf8 Kh6 114. Rf6+ Kg7 115. Rf5 Qe8 116. Rg5+ Kh6
1/2-1/2

[Event "ICS rated blitz match"]
[Site "204.178.125.65"]
[Date "2000.02.15"]
[Round "?"]
[White "Hossa"]
[Black "Tinker"]
[Result "1/2-1/2"]
[WhiteElo "2488"]
[BlackElo "2373"]
[PlyCount "103"]

1. e4 Nc6 2. d4 d5 3. Nc3 dxe4 4. d5 Ne5 5. Qd4 Nd7 6. Qxe4 Ngf6 7. Qa4 g6 8.
Bf4 Bg7 9. O-O-O O-O 10. Qc4 Nb6 11. Qxc7 Qxc7 12. Bxc7 Ng4 13. Nh3 Bxc3 14.
bxc3 Nf6 15. d6 Bxh3 16. dxe7 Rfe8 17. gxh3 Rxe7 18. Bxb6 axb6 19. Kb2 Re5 20.
Bc4 Rf5 21. Rhf1 Rc8 22. Bb3 h6 23. Rd6 b5 24. Re6 Kf8 25. Re2 Nh5 26. Rd2 Nf4
27. h4 Ng2 28. Rd7 b6 29. h5 gxh5 30. a3 Ne3 31. Re1 Nc4+ 32. Bxc4 bxc4 33. Re2
Ra8 34. Red2 Rb5+ 35. Ka2 Kg7 36. R2d4 Rf5 37. f4 Rfa5 38. Rxc4 Rxa3+ 39. Kb2
Ra2+ 40. Kc1 Ra1+ 41. Kb2 R8a2+ 42. Kb3 Ra8 43. Kb2 Rh1 44. Rcc7 Rf8 45. Rd2
Re8 46. Rb7 Ree1 47. Rg2+ Kf8 48. Rb8+ Ke7 49. Rb7+ Kf8 50. Rb8+ Ke7 51. Rb7+
Kf8 52. Rb8+ 1/2-1/2

[Event "ICS rated blitz match"]
[Site "204.178.125.65"]
[Date "2000.02.15"]
[Round "?"]
[White "Tinker"]
[Black "Hossa"]
[Result "0-1"]
[WhiteElo "2378"]
[BlackElo "2483"]
[PlyCount "102"]

1. e4 e5 2. Nf3 Nc6 3. Bc4 Bc5 4. O-O d6 5. c3 Qf6 6. b4 Bb6 7. a4 a6 8. a5 Ba7
9. Bd5 Bg4 10. Bxc6+ bxc6 11. d3 Ne7 12. Na3 d5 13. Nb1 Rb8 14. Nbd2 O-O 15.
Ba3 Rfe8 16. Qe2 Ng6 17. d4 Rb5 18. exd5 cxd5 19. Qe3 e4 20. Ne1 Rbb8 21. Nb3
Nf4 22. Ra2 Bd1 23. Rb2 c6 24. Nc5 Bxc5 25. dxc5 Ba4 26. Kh1 Bb5 27. Rg1 Nd3
28. Nxd3 exd3 29. Qc1 Rb7 30. Re1 Rbe7 31. Rg1 Re2 32. f3 Qh4 33. Rxe2 Rxe2 34.
Qd1 Qf2 35. Bc1 d2 36. Bxd2 Rxd2 37. Qe1 Re2 38. Qxf2 Rxf2 39. Re1 f5 40. Rc1
Re2 41. Kg1 Bc4 42. g3 Kf7 43. h4 Kg6 44. f4 Kh5 45. Kh1 Kg4 46. Rd1 Kxg3 47.
Rg1+ Kh3 48. Rd1 Rh2+ 49. Kg1 Rg2+ 50. Kh1 Be2 51. Re1 Bf3 0-1

[Event "ICS rated blitz match"]
[Site "204.178.125.65"]
[Date "2000.02.15"]
[Round "?"]
[White "Hossa"]
[Black "DiepX"]
[Result "0-1"]
[WhiteElo "2494"]
[BlackElo "2577"]
[PlyCount "93"]

1. e4 e5 2. Nf3 Nc6 3. Bb5 a6 4. Ba4 Nf6 5. O-O Be7 6. Re1 b5 7. Bb3 d6 8. c3
O-O 9. h3 Na5 10. Bc2 c5 11. d4 Qc7 12. Nbd2 Bd7 13. dxe5 dxe5 14. Re3 Rfd8 15.
b3 Nh5 16. Bb2 Be6 17. a4 c4 18. b4 Nc6 19. axb5 axb5 20. Rxa8 Rxa8 21. Qb1 Nf4
22. Nf1 f6 23. Ng3 Qd7 24. Ne2 Nh5 25. Nh4 Bd6 26. Rf3 Ne7 27. Qd1 Bc7 28. Qxd7
Bxd7 29. Bb1 g5 30. g4 Nf4 31. Nxf4 exf4 32. Ng2 Nc6 33. Ne1 Ne5 34. Kf1 Bb6
35. Ke2 Kf7 36. Ng2 Rh8 37. Rxf4 gxf4 38. Nxf4 Bc6 39. f3 Ra8 40. h4 f5 41.
gxf5 Rg8 42. Bc2 Rg3 43. h5 Rxf3 44. Nd5 Bxd5 45. exd5 Rf2+ 46. Kd1 Ng4 47. Be4
0-1

[Event "ICS rated standard match"]
[Site "204.178.125.65"]
[Date "2000.02.15"]
[Round "?"]
[White "Hossa"]
[Black "DiepX"]
[Result "0-1"]
[WhiteElo "2320"]
[BlackElo "2563"]
[PlyCount "124"]

1. e4 e5 2. Nf3 Nc6 3. Bb5 a6 4. Ba4 Nf6 5. O-O Be7 6. Re1 b5 7. Bb3 d6 8. c3
O-O 9. h3 Na5 10. Bc2 c5 11. d4 Qc7 12. Nbd2 cxd4 13. cxd4 Nc6 14. Nb3 a5 15.
Be3 a4 16. Nbd2 Nb4 17. Bb1 Bd7 18. Qc1 Qxc1 19. Rxc1 Rfc8 20. Rc3 Nc6 21. d5
Nb4 22. a3 Na6 23. Bd3 Rxc3 24. bxc3 Rc8 25. Rc1 Nc5 26. Bxc5 Rxc5 27. c4 g6
28. Rb1 bxc4 29. Nxc4 Nxe4 30. Ncxe5 dxe5 31. Bxe4 Bd6 32. Ne1 Kf8 33. g4 f5
34. Bg2 fxg4 35. hxg4 Bxg4 36. Rb6 Ke7 37. Rb7+ Bd7 38. Bh3 Rc7 39. Rxc7 Bxc7
40. Bf1 Bd6 41. Nc2 Bc5 42. Be2 Kd6 43. Bc4 Be8 44. Kf1 g5 45. Nb4 Bxb4 46.
axb4 Bf7 47. Ke2 Bxd5 48. Kd3 Bxc4+ 49. Kxc4 h5 50. b5 h4 51. Kb4 h3 52. b6 h2
53. b7 Kc7 54. b8=R Kxb8 55. Kb5 a3 56. Kc5 a2 57. Kd6 h1=Q 58. Ke6 a1=Q 59.
Kf5 Qh3+ 60. Kg6 Qa6+ 61. Kg7 Qd7+ 62. Kg8 Qac8# 0-1

[Event "ICS rated blitz match"]
[Site "204.178.125.65"]
[Date "2000.02.15"]
[Round "?"]
[White "Fantastic"]
[Black "Hossa"]
[Result "0-1"]
[WhiteElo "2200"]
[BlackElo "2482"]
[PlyCount "40"]

1. e4 e5 2. d3 Nf6 3. Nc3 Nc6 4. a3 d5 5. f3 Be7 6. g3 O-O 7. h4 dxe4 8. Nxe4
Nxe4 9. fxe4 Bd7 10. Be3 f5 11. Qd2 fxe4 12. O-O-O Bf5 13. Kb1 b5 14. Bg5 exd3
15. Bxe7 dxc2+ 16. Ka1 cxd1=R+ 17. Qxd1 Qxd1+ 18. Ka2 Bb1+ 19. Ka1 Bc2+ 20. Ka2
Bb3# 0-1

[Event "ICS rated blitz match"]
[Site "204.178.125.65"]
[Date "2000.02.15"]
[Round "?"]
[White "drunknstupid"]
[Black "Hossa"]
[Result "0-1"]
[WhiteElo "2155"]
[BlackElo "2482"]
[PlyCount "54"]

1. e4 e5 2. Nc3 Nf6 3. f4 d5 4. fxe5 Nxe4 5. d3 Nxc3 6. bxc3 c5 7. Nf3 Nc6 8.
d4 Bg4 9. Be3 Qa5 10. Bd2 cxd4 11. cxd4 Bb4 12. Be2 Bxf3 13. Bxf3 Nxd4 14. Bxb4
Qxb4+ 15. Kf2 Qc5 16. Kg3 Nf5+ 17. Kh3 Ne3 18. Qd3 O-O 19. Rhe1 Nxc2 20. Rac1
Nxe1 21. Rxe1 Rad8 22. Bg4 Qf2 23. Rf1 Qxa2 24. Qg3 d4 25. Bf5 Qe2 26. Rf4 Qh5+
27. Qh4 Qxh4+ 0-1

[Event "ICS rated blitz match"]
[Site "204.178.125.65"]
[Date "2000.02.15"]
[Round "?"]
[White "Hossa"]
[Black "Fantastic"]
[Result "1-0"]
[WhiteElo "2486"]
[BlackElo "2141"]
[PlyCount "35"]

1. e4 e5 2. Nf3 Nc6 3. Bb5 d6 4. d4 Bd7 5. Nc3 f6 6. O-O a6 7. Be2 h5 8. Nh4 g6
9. Nxg6 Rh7 10. Bxh5 Be6 11. Nxe5+ Rxh5 12. Qxh5+ Ke7 13. Qh7+ Ke8 14. d5 Nxe5
15. dxe6 Be7 16. Qxg8+ Bf8 17. Bh6 Qe7 18. Nd5 1-0

[Event "ICS rated blitz match"]
[Site "204.178.125.65"]
[Date "2000.02.15"]
[Round "?"]
[White "Hossa"]
[Black "Bannon"]
[Result "1-0"]
[WhiteElo "2486"]
[BlackElo "2145"]
[PlyCount "77"]

1. e4 c5 2. Nf3 Nc6 3. d4 cxd4 4. Nxd4 e5 5. Nb5 Bc5 6. N1c3 Nf6 7. Nd6+ Ke7 8.
Nxc8+ Rxc8 9. Bd3 h6 10. O-O a6 11. Nd5+ Nxd5 12. exd5 Nb4 13. Be4 a5 14. a3
Na6 15. d6+ Bxd6 16. Bxb7 Nc5 17. Bxc8 Qxc8 18. Re1 Ne6 19. g3 Qc6 20. Re3 h5
21. Rc3 Qb7 22. Rb3 Qc6 23. Rf3 Nd4 24. Rc3 Qb7 25. Re3 h4 26. Qxd4 hxg3 27.
fxg3 Qc6 28. Rxe5+ Kd8 29. Rxa5 Bxg3 30. hxg3 Qh1+ 31. Kf2 Rh2+ 32. Ke3 Qe1+
33. Kf3 Qf1+ 34. Ke4 Qe1+ 35. Be3 Qxa5 36. Qb6+ Qxb6 37. Bxb6+ Ke7 38. Kd3 Rg2
39. Rg1 1-0

[Event "ICS rated blitz match"]
[Site "204.178.125.65"]
[Date "2000.02.15"]
[Round "?"]
[White "Bannon"]
[Black "Hossa"]
[Result "0-1"]
[WhiteElo "2135"]
[BlackElo "2490"]
[PlyCount "23"]

1. e4 e5 2. f4 exf4 3. Nf3 g5 4. h4 g4 5. Ne5 Nf6 6. d3 d6 7. Nc4 Nh5 8. Nc3
Ng3 9. Bxf4 Nxh1 10. g3 Be7 11. Bg2 Nxg3 12. Bxg3 0-1

[Event "ICS rated standard match"]
[Site "204.178.125.65"]
[Date "2000.02.15"]
[Round "?"]
[White "pully"]
[Black "Hossa"]
[Result "0-1"]
[WhiteElo "1978"]
[BlackElo "2314"]
[PlyCount "40"]

1. d4 d5 2. c4 e6 3. Nf3 Nf6 4. e3 c5 5. cxd5 exd5 6. Bb5+ Bd7 7. Bxd7+ Nbxd7
8. dxc5 Nxc5 9. O-O Be7 10. b3 Nce4 11. Bb2 O-O 12. Na3 Qa5 13. Nc2 Rac8 14.
Ncd4 Ba3 15. Bxa3 Qxa3 16. Nb5 Qb2 17. Qb1 Rc2 18. Nbd4 Rxf2 19. Qxb2 Rxb2 20.
Ne5 Re8 0-1